| 000 | 00402nam a22001697a 4500 | ||
|---|---|---|---|
| 003 | SGT | ||
| 020 | _a9789395736404 | ||
| 082 |
_a616.904 _bA25S |
||
| 100 | _aMEHTA,VANDANA,ed. | ||
| 245 | _aSNELL'S CLINICAL ANATOMY BY REGIONS | ||
| 250 | _a2ND | ||
| 260 |
_aINDIA _bWOLTERS KLUWER _c2023 |
||
| 300 | _a938 | ||
| 650 | _aANATOMY | ||
| 653 | _aSNELL'S, CLINICAL, ANATOMY, REGIONS | ||
| 942 |
_2ddc _cBK |
||
| 999 |
_c29150 _d29150 |
||